Vista normal
Vista MARC
Entrada Materia (personas)
Número de registros utilizados en: 3
001 - CONTROL NUMBER
- control field: 102393
003 - CONTROL NUMBER IDENTIFIER
- control field: Co-BoUCM
005 - DATE AND TIME OF LATEST TRANSACTION
- control field: 20210316145706.0
008 - FIXED-LENGTH DATA ELEMENTS
- fixed length control field: 210223|| aca||aabn | a|a d
040 ## - CATALOGING SOURCE
- Original cataloging agency: Co-BoUCM
- Transcribing agency: Co-BoUCM
100 1# - HEADING--PERSONAL NAME
- Personal name: Alden, Chris
670 ## - SOURCE DATA FOUND
- Source citation: Work cat.: (Co-BoUCM): Alden, Chris, and Amnon Aran, Foreign Policy Analysis: New Approaches